01608cam a2200373 a 4500001001400000003000800014005001700022006001900039007001500058008004100073020003800114040003000152049002600182050001100208082001800219245010300237246005600340260005500396300006000451500003600511520025100547521001700798588004700815504005100862650004300913650006100956655002901017700002001046710001601066776003501082856008201117942001601199999001901215EDZ0000019021StDuBDS20161031105123.0m||||||||d||||||||cr |||||||||||110107s2005 cauac fo 001|0|eng d a9781412952514 (ebook) :cNo price aStDuBDSbengcStDuBDSepn aAlfaisal Main Library 4aHV947104a365.9730322200aEncyclopedia of prisons & correctional facilitiesh[electronic resource] /cMary Bosworth, editor.30aEncyclopedia of prisons and correctional facilities aThousand Oaks, [Calif.] ;aLondon :bSAGE,cc2005. a1 online resource (2 v. (xli, 1334 p.)) :bill., ports. a"A Sage reference publication".8 aProviding a critical overview of the penal system in the United States, this text demonstrates the complex issues that surround the implementation and intended results of incarceration, as well as looking at the field in an international context. aSpecialized. aDescription based on print version record. aIncludes bibliographical references and index. 0aPrisonszUnited StatesvEncyclopedias. 0aCorrectional institutionszUnited StatesvEncyclopedias. 7aElectronic books.2local1 aBosworth, Mary.2 aSage eBooks08iPrint version :z978076192731040uhttp://ezproxy.alfaisal.edu/login?url=http://sk.sagepub.com/reference/prisons 2lcccEBOOKS c479730d479730